| 000 | 00871nam a2200301Ia 4500 | ||
|---|---|---|---|
| 001 | 9620 | ||
| 003 | IT-RoPAU | ||
| 008 | 130308s9999 xx 000 0 und d | ||
| 040 | _aIT-RoPAU | ||
| 040 | _cIT-RoPAU | ||
| 041 | _aFRANCESE | ||
| 100 | _aMoreau Jean-Guy | ||
| 100 | _gCodice Aut. SPICS: 3579 | ||
| 245 | _aRadio (La) | ||
| 245 | _bMass Media-2-Chanson Disque Radio | ||
| 250 | _a1a ed. | ||
| 260 | _aTOURNAI | ||
| 260 | _bBloud & Gay | ||
| 260 | _c1966 [1° Ed.:1966 - Ed.Ling.Originale:1966] | ||
| 300 | _a"32 p. (prefazione: no ; testo: 32 [pagine: 63-94])" | ||
| 500 | _aStoria della Radio Potere dell'Ascolto Tecniche e Linguaggio messa in Ondageneri Radiofonici Tempo del Transistor | ||
| 650 | _aSAGGI DI COMUNICAZIONE SOCIALE | ||
| 650 | _eCodice materia Spics: 3807 | ||
| 942 | _cBK | ||
| 957 | _71 | ||
| 999 |
_c45386 _d45386 |
||
| 999 | _bSI | ||
| 999 | _g1 | ||